Une ville musulmane dans la Chine du Nord sous les Mongols

Elmentve itt :
Bibliográfiai részletek
Szerző: Pelliot Paul
Dokumentumtípus: Cikk
Megjelent: [Impr. nationale] [Paris] 1927
Sorozat:Journal Asiatique
Kulcsszavak:Mongolok története
Tárgyszavak:
Online Access:http://misc.bibl.u-szeged.hu/64212
LEADER 00816nab a2200253 i 4500
001 misc64212
005 20230516105319.0
008 230309s1927 hu o 0|| fre d
040 |a SZTE Miscellanea Repozitórium  |b hun 
041 |a fre 
041 |a chi 
041 |a tut 
100 1 |a Pelliot Paul 
245 1 0 |a Une ville musulmane dans la Chine du Nord sous les Mongols  |h [elektronikus dokumentum] /  |c  Pelliot Paul 
260 |a [Impr. nationale]  |b [Paris]  |c 1927 
300 |a 261-279  |c 23 cm 
300 |a [19] p.  |c 23 cm 
490 0 |a Journal Asiatique 
561 |a Németh Gyula hagyaték 
591 |a NOA 4548 
650 4 |a Bölcsészettudományok 
650 4 |a Történettudomány és régészet 
695 |a Mongolok története 
856 4 0 |u http://misc.bibl.u-szeged.hu/64212/1/4548_noa.pdf  |z Dokumentum-elérés